| 000 | 00453 a2200157 4500 | ||
|---|---|---|---|
| 020 | _a9788131729007 | ||
| 040 | _aDLC | ||
| 082 | _a621.3822 | ||
| 100 | _aKay, Steven M | ||
| 245 |
_aFundamentals of statistical signal processing: Detection theory Vol 2 _cSteven M.Kay |
||
| 260 |
_aNew Delhi _bPearson education _c1998 |
||
| 300 | _a560 p. | ||
| 650 | _aSignal detection--Statistical methods | ||
| 700 | _aSteven M.Kay | ||
| 942 |
_cBK _k621.3822 KAY _2ddc |
||
| 999 |
_c11268 _d11268 |
||